[Event "POL-chT 1st League"]
[Site "Sypniewo"]
[Date "2022.09.06"]
[Round "4.2"]
[White "Szotkowski, Jakub"]
[Black "Jakubowski, Krzysztof"]
[Result "1/2-1/2"]
[WhiteElo "2342"]
[BlackElo "2466"]
[PlyCount "83"]
[EventDate "2022.09.03"]
[EventType "team-swiss"]
[EventRounds "9"]
[EventCountry "POL"]
[SourceTitle "CBM 210 Extra"]
[Source "ChessBase"]
[SourceDate "2022.11.30"]
[SourceVersion "1"]
[SourceVersionDate "2022.11.30"]
[SourceQuality "1"]
[WhiteTeam "Wroclaw Kopernik"]
[BlackTeam "Raciborz Silesia"]
[WhiteTeamCountry "POL"]
[BlackTeamCountry "POL"]

1. d4 Nf6 2. c4 e6 3. g3 d5 4. Bg2 Bb4+ 5. Bd2 Be7 6. Nf3 0-0 7. 0-0 Nbd7 8. Qc2 c6 9. Bf4 Ne4 10. Nc3 g5 11. Bc1 f5 12. b3 Rf7 13. Nxe4 fxe4 14. Ne5 Nxe5 15. dxe5 Bd7 16. Bh3 h5 17. Be3 g4 18. Bg2 Qf8 19. f3 Bc5 20. Bxc5 Qxc5+ 21. Kh1 Raf8 22. fxe4 Rxf1+ 23. Rxf1 Rxf1+ 24. Bxf1 dxc4 25. Qxc4 Qxe5 26. b4 b6 27. Qd3 Be8 28. Kg1 Kf8 29. e3 c5 30. bxc5 bxc5 31. Qd8 Kf7 32. Qc8 Qc3 33. Qc7+ Kg8 34. Qf4 e5 35. Qg5+ Kf8 36. h3 gxh3 37. Bxh3 Qa1+ 38. Bf1 Bf7 39. Qd8+ Kg7 40. Qg5+ Kf8 41. Qd8+ Kg7 42. Qg5+ 1/2-1/2

[Event "CZE-chT1E 2122"]
[Site "Czech Republic"]
[Date "2021.11.28"]
[Round "4.2"]
[White "Szotkowski, Jakub"]
[Black "Zwardon, Vojtech"]
[Result "0-1"]
[WhiteElo "2348"]
[BlackElo "2476"]
[PlyCount "114"]
[EventDate "2021.10.09"]
[EventType "team-tourn"]
[EventRounds "11"]
[EventCountry "CZE"]
[SourceTitle "EXT 2023"]
[Source "ChessBase"]
[SourceDate "2022.10.05"]
[SourceVersion "1"]
[SourceVersionDate "2022.10.05"]
[SourceQuality "1"]
[WhiteTeam "Trinec"]
[BlackTeam "Gordic"]
[WhiteTeamCountry "CZE"]
[BlackTeamCountry "CZE"]

1. d4 Nf6 2. c4 e6 3. g3 d5 4. Bg2 dxc4 5. Nf3 c6 6. a4 Bb4+ 7. Bd2 a5 8. 0-0 Nbd7 9. Qc2 Nb6 10. e4 Be7 11. Nc3 0-0 12. Rfd1 h6 13. Be3 Bb4 14. Ne5 Qe7 15. Qe2 c5 16. Nxc4 Nxc4 17. Qxc4 Ng4 18. e5 Nxe3 19. fxe3 Bd7 20. d5 Qg5 21. Qf4 Bxc3 22. bxc3 exd5 23. Rxd5 Qe7 24. Rb1 Bc6 25. Rd6 Rae8 26. Bxc6 bxc6 27. Rxc6 Qxe5 28. Qxe5 Rxe5 29. Rb5 Rxe3 30. Rbxc5 Re1+ 31. Kf2 Ra1 32. Rxa5 Ra2+ 33. Ke3 Re8+ 34. Kd4 Rxh2 35. Rf5 g6 36. Rf4 Ra2 37. Kc5 g5 38. Rb4 Re3 39. Kb6 Rxg3 40. a5 Kg7 41. a6 Rg1 42. Kb7 h5 43. Rb5 h4 44. Rcc5 f6 45. Ra5 Rxa5 46. Rxa5 h3 47. Ra2 Rg2 48. Ra1 h2 49. Rh1 g4 50. a7 Rb2+ 51. Kc6 Ra2 52. Rxh2 Rxa7 53. c4 f5 54. c5 g3 55. Rh3 f4 56. Rh4 Ra6+ 57. Kb7 Rg6 0-1

[Event "CZE-chT 2122"]
[Site "Czech Republic"]
[Date "2021.10.17"]
[Round "2.2"]
[White "Szotkowski, Jakub"]
[Black "Miesbauer, Jan"]
[Result "0-1"]
[WhiteElo "2348"]
[BlackElo "2410"]
[PlyCount "76"]
[EventDate "2021.10.15"]
[EventType "team-tourn"]
[EventRounds "15"]
[EventCountry "CZE"]
[SourceTitle "CBM 204 Extra"]
[Source "ChessBase"]
[SourceDate "2021.11.30"]
[SourceVersion "1"]
[SourceVersionDate "2021.11.30"]
[SourceQuality "1"]
[WhiteTeam "Frydek Mistek"]
[BlackTeam "Praha Dopravni Podnik"]
[WhiteTeamCountry "CZE"]
[BlackTeamCountry "CZE"]

1. d4 Nf6 2. c4 e6 3. g3 d5 4. Bg2 Bb4+ 5. Bd2 a5 6. Nf3 0-0 7. 0-0 Nc6 8. a3 Bd6 9. Qc2 Re8 10. Rd1 Bd7 11. Nc3 dxc4 12. e4 e5 13. dxe5 Nxe5 14. Nxe5 Bxe5 15. Bg5 h6 16. Bxf6 Bxf6 17. Bh3 Bxh3 18. Rxd8 Raxd8 19. Nd5 Be5 20. Rd1 c6 21. Ne3 b5 22. Rd2 a4 23. Qd1 Bf6 24. Rd6 Be6 25. e5 Be7 26. Rd4 Rc8 27. Qf3 Bc5 28. Rd1 c3 29. bxc3 Bxa3 30. Nf5 Bf8 31. Nd6 Bxd6 32. exd6 Red8 33. Qe3 Bb3 34. Rd2 Ra8 35. d7 a3 36. Qe1 a2 37. Qa1 Ra7 38. Kg2 Rdxd7 0-1

[Event "CZE-chT1E 2122"]
[Site "Czech Republic"]
[Date "2021.10.09"]
[Round "1.2"]
[White "Szotkowski, Jakub"]
[Black "Biolek, Richard"]
[Result "1/2-1/2"]
[WhiteElo "2348"]
[BlackElo "2409"]
[PlyCount "98"]
[EventDate "2021.10.09"]
[EventType "team-tourn"]
[EventRounds "11"]
[EventCountry "CZE"]
[SourceTitle "EXT 2023"]
[Source "ChessBase"]
[SourceDate "2022.10.05"]
[SourceVersion "1"]
[SourceVersionDate "2022.10.05"]
[SourceQuality "1"]
[WhiteTeam "Trinec"]
[BlackTeam "Grygov Proclient"]
[WhiteTeamCountry "CZE"]
[BlackTeamCountry "CZE"]

1. d4 d6 2. g3 e5 3. dxe5 dxe5 4. Qxd8+ Kxd8 5. Bg2 c6 6. Nf3 f6 7. 0-0 Be6 8. b3 Nd7 9. Ba3 Bxa3 10. Nxa3 Kc7 11. Rfd1 Ne7 12. Nd2 Nc5 13. Ne4 Nxe4 14. Bxe4 Rhd8 15. c4 a5 16. Kf1 g6 17. Ke1 f5 18. Bc2 g5 19. Rxd8 Rxd8 20. Rd1 Rxd1+ 21. Kxd1 Kd6 22. Nb1 h5 23. Nd2 g4 24. Bb1 b5 25. Kc2 e4 26. Kc3 Kc5 27. a3 b4+ 28. axb4+ axb4+ 29. Kc2 Ng6 30. Nf1 h4 31. Kd2 Kd4 32. Ne3 Ke5 33. Ng2 h3 34. Ne3 f4 35. Nf1 Bf5 36. e3 fxg3 37. fxg3 Nf8 38. Ke2 Ne6 39. Nd2 Ng5 40. Nf1 Nf3 41. Kd1 Kd6 42. Ke2 Ke7 43. Kd1 Ng5 44. Ke2 Ne6 45. Nd2 Nc5 46. Bc2 Bg6 47. Kf2 Bf5 48. Ke2 Bg6 49. Kf2 Bf5 1/2-1/2

[Event "POL-chT 2nd League"]
[Site "Sypniewo"]
[Date "2021.09.09"]
[Round "6.1"]
[White "Kacprzak, Kacper"]
[Black "Szotkowski, Jakub"]
[Result "0-1"]
[WhiteElo "2229"]
[BlackElo "2353"]
[PlyCount "120"]
[EventDate "2021.09.04"]
[EventType "team-swiss"]
[EventRounds "9"]
[EventCountry "POL"]
[SourceTitle "CBM 204 Extra"]
[Source "ChessBase"]
[SourceDate "2021.11.30"]
[SourceVersion "1"]
[SourceVersionDate "2021.11.30"]
[SourceQuality "1"]
[WhiteTeam "Opole Rodlo II"]
[BlackTeam "Kopernik WKS"]
[WhiteTeamCountry "POL"]
[BlackTeamCountry "POL"]

1. e4 c5 2. Nf3 e6 3. d4 cxd4 4. Nxd4 a6 5. c4 Nf6 6. Nc3 d6 7. Be2 Be7 8. 0-0 0-0 9. Be3 b6 10. Qd2 Bb7 11. f3 Nbd7 12. Rfd1 Rc8 13. Rac1 Qc7 14. b3 Qb8 15. Bf1 Bd8 16. Qf2 Bc7 17. g3 Rfe8 18. Nc2 Qa8 19. Nb4 h6 20. Bf4 Qb8 21. Rd2 Nc5 22. Nd3 Nxd3 23. Rxd3 d5 24. Bxc7 Qxc7 25. cxd5 exd5 26. Ne2 Qe7 27. e5 Rxc1 28. Nxc1 Qxe5 29. Qxb6 Bc8 30. Qf2 a5 31. Ne2 Qa1 32. Kg2 Qxa2 33. Nf4 Qxf2+ 34. Kxf2 Be6 35. Rd4 Rb8 36. Ra4 Rxb3 37. Rxa5 g5 38. Nd3 g4 39. Ra2 Kg7 40. Rb2 Rc3 41. Rd2 Bf5 42. Nf4 gxf3 43. Nxd5 Ne4+ 44. Kg1 Rc1 45. Rb2 Bh3 46. Ne3 f2+ 47. Rxf2 Nxf2 48. Kxf2 Be6 49. Be2 Ra1 50. h4 Kf6 51. Ng4+ Bxg4 52. Bxg4 Ke5 53. Bf3 Ra2+ 54. Ke3 Ra3+ 55. Kf2 f5 56. Bb7 f4 57. gxf4+ Kxf4 58. Bc8 Ra2+ 59. Kf1 Rh2 60. Kg1 Kg3 0-1

[Event "POL-chT 2nd League"]
[Site "Sypniewo"]
[Date "2021.09.06"]
[Round "3.1"]
[White "Szotkowski, Jakub"]
[Black "Gluszko, Tomasz"]
[Result "0-1"]
[WhiteElo "2353"]
[BlackElo "2170"]
[PlyCount "52"]
[EventDate "2021.09.04"]
[EventType "team-swiss"]
[EventRounds "9"]
[EventCountry "POL"]
[SourceTitle "CBM 204 Extra"]
[Source "ChessBase"]
[SourceDate "2021.11.30"]
[SourceVersion "1"]
[SourceVersionDate "2021.11.30"]
[SourceQuality "1"]
[WhiteTeam "Kopernik WKS"]
[BlackTeam "Warszawa Mogalo"]
[WhiteTeamCountry "POL"]
[BlackTeamCountry "POL"]

1. Nf3 Nf6 2. c4 g6 3. Nc3 d5 4. Qa4+ Nc6 5. Ne5 Bd7 6. Nxd7 Qxd7 7. cxd5 Nxd5 8. g3 Nb6 9. Qd1 Bg7 10. Bg2 e5 11. 0-0 0-0 12. d3 Rab8 13. Be3 Nd4 14. Rc1 c6 15. Qd2 f5 16. Kh1 Rbe8 17. Bh6 Rf6 18. Bxg7 Kxg7 19. b4 h5 20. h4 Nc8 21. Na4 Nd6 22. Nc5 Qc8 23. Qb2 f4 24. Kh2 Qg4 25. e3 fxg3+ 26. fxg3 Ne2 0-1

[Event "POL-chT 2nd League"]
[Site "Sypniewo"]
[Date "2021.09.05"]
[Round "2.1"]
[White "Szolc, Grzegorz"]
[Black "Szotkowski, Jakub"]
[Result "1/2-1/2"]
[WhiteElo "2036"]
[BlackElo "2353"]
[PlyCount "62"]
[EventDate "2021.09.04"]
[EventType "team-swiss"]
[EventRounds "9"]
[EventCountry "POL"]
[SourceTitle "CBM 204 Extra"]
[Source "ChessBase"]
[SourceDate "2021.11.30"]
[SourceVersion "1"]
[SourceVersionDate "2021.11.30"]
[SourceQuality "1"]
[WhiteTeam "Gliwice Politechnika Slaska"]
[BlackTeam "Kopernik WKS"]
[WhiteTeamCountry "POL"]
[BlackTeamCountry "POL"]

1. d4 d5 2. Bf4 c5 3. e3 Nc6 4. c3 Nf6 5. Nd2 Bf5 6. Qb3 Qd7 7. Ngf3 c4 8. Qd1 e6 9. Ne5 Nxe5 10. dxe5 Ne4 11. Nxe4 Bxe4 12. f3 Bg6 13. e4 dxe4 14. Qxd7+ Kxd7 15. 0-0-0+ Kc6 16. Bxc4 exf3 17. gxf3 Be7 18. Bd3 Bxd3 19. Rxd3 Rad8 20. Rhd1 Rxd3 21. Rxd3 b5 22. Kc2 h5 23. Rd2 h4 24. h3 a6 25. Rg2 g5 26. Bh2 Rg8 27. Rg4 Rg6 28. Kd3 f5 29. exf6 Rxf6 30. Ke4 Rf5 31. Be5 Bd8 1/2-1/2

[Event "Warsaw op-A"]
[Site "Warsaw"]
[Date "2021.07.24"]
[Round "6"]
[White "Szotkowski, Jakub"]
[Black "Wojdak, Jan"]
[Result "1-0"]
[WhiteElo "2366"]
[BlackElo "2014"]
[PlyCount "167"]
[EventDate "2021.07.19"]
[EventType "swiss"]
[EventRounds "9"]
[EventCountry "POL"]
[SourceTitle "CBM 203 Extra"]
[Source "ChessBase"]
[SourceDate "2021.09.30"]
[SourceVersion "1"]
[SourceVersionDate "2021.09.30"]
[SourceQuality "1"]

1. d4 Nf6 2. c4 g6 3. Nc3 d5 4. cxd5 Nxd5 5. Bd2 Nb6 6. Nf3 Bg7 7. Bf4 c5 8. dxc5 Bxc3+ 9. bxc3 Qxd1+ 10. Rxd1 Na4 11. g3 Nxc5 12. Bg2 Nc6 13. Ne5 Nxe5 14. Bxe5 f6 15. Bd4 Ne6 16. Be3 Nd8 17. 0-0 Nc6 18. Rd2 Kf7 19. Rb1 Rd8 20. Bxc6 Rxd2 21. Bxb7 Bxb7 22. Bxd2 Bd5 23. a3 Bc4 24. Kf1 Rc8 25. Rb7 a6 26. a4 Bd5 27. Rb6 Bc4 28. Ke1 Rc5 29. Be3 Rc7 30. f4 h5 31. Bd4 Ke8 32. e4 Kd7 33. Kf2 Rc6 34. Rb7+ Rc7 35. Rb2 Rc6 36. Ke3 Rc7 37. h4 Rc6 38. Rb8 Rc8 39. Rb7+ Rc7 40. Rb2 Rc6 41. Rd2 Ke6 42. Rb2 Kd7 43. f5 e5 44. fxe6+ Rxe6 45. Rb7+ Ke8 46. Rb4 Bf1 47. Kf4 Bd3 48. e5 fxe5+ 49. Bxe5 Rc6 50. Ke3 Bc4 51. Kd4 Be6 52. a5 Bg4 53. c4 Kd7 54. c5 Be2 55. Rb7+ Ke6 56. Rg7 Kf5 57. Rf7+ Ke6 58. Rf6+ Kd7 59. Bd6 Rc8 60. Kd5 Bb5 61. Rf7+ Ke8 62. Rg7 Ba4 63. Rxg6 Bb3+ 64. Kd4 Kf7 65. Rh6 Bd1 66. Rh7+ Ke6 67. Ra7 Rc6 68. Re7+ Kf6 69. Re1 Bg4 70. Re3 Bh3 71. Re8 Kf7 72. Rh8 Kg6 73. Kd5 Bg2+ 74. Ke6 Bh3+ 75. Ke7 Bf1 76. Rg8+ Kh7 77. Rg5 Kh6 78. Kd7 Bb5 79. Kd8 Be2 80. Bf8+ Kh7 81. Bd6 Kh6 82. Ke7 Bg4 83. Rg8 Kh7 84. Rxg4 1-0

[Event "Warsaw op-A"]
[Site "Warsaw"]
[Date "2021.07.23"]
[Round "5"]
[White "Wikar, Martyna"]
[Black "Szotkowski, Jakub"]
[Result "0-1"]
[WhiteElo "2168"]
[BlackElo "2366"]
[PlyCount "114"]
[EventDate "2021.07.19"]
[EventType "swiss"]
[EventRounds "9"]
[EventCountry "POL"]
[SourceTitle "CBM 203 Extra"]
[Source "ChessBase"]
[SourceDate "2021.09.30"]
[SourceVersion "1"]
[SourceVersionDate "2021.09.30"]
[SourceQuality "1"]

1. e4 c6 2. d4 d5 3. Nc3 dxe4 4. Nxe4 Bf5 5. Ng3 Bg6 6. h4 h6 7. Nf3 Nd7 8. h5 Bh7 9. Bd3 Bxd3 10. Qxd3 e6 11. Bd2 Ngf6 12. 0-0-0 Be7 13. Kb1 Qb6 14. Rhe1 0-0 15. c4 Bb4 16. Bxb4 Qxb4 17. Ne5 Rad8 18. Nxd7 Rxd7 19. Ne4 Nxe4 20. Rxe4 Rfd8 21. Rg4 Qa5 22. Qf3 Qf5+ 23. Qxf5 exf5 24. Rf4 g5 25. hxg6 fxg6 26. Kc2 Kg7 27. Kc3 Kf6 28. Rh4 h5 29. Re1 b5 30. b3 Rd6 31. a4 bxa4 32. bxa4 c5 33. d5 Rb8 34. a5 Rb4 35. Rhh1 Ra6 36. Ra1 Rb8 37. Rhd1 h4 38. d6 Rd8 39. d7 Ke7 40. Rd5 Rxd7 41. Re1+ Re6 42. Rxe6+ Kxe6 43. Rxc5 g5 44. Rc6+ Ke5 45. Rg6 Kf4 46. c5 Rh7 47. g3+ Kf3 48. Rxg5 h3 49. Rxf5+ Ke4 50. Rf4+ Ke5 51. Rd4 h2 52. f4+ Ke6 53. Rd6+ Ke7 54. Rd1 h1Q 55. Rxh1 Rxh1 56. Kc4 Kd7 57. Kb5 Rh6 0-1

[Event "Warsaw op-A"]
[Site "Warsaw"]
[Date "2021.07.22"]
[Round "4"]
[White "Szotkowski, Jakub"]
[Black "Kubicka, Anna"]
[Result "1/2-1/2"]
[WhiteElo "2366"]
[BlackElo "2210"]
[PlyCount "65"]
[EventDate "2021.07.19"]
[EventType "swiss"]
[EventRounds "9"]
[EventCountry "POL"]
[SourceTitle "CBM 203 Extra"]
[Source "ChessBase"]
[SourceDate "2021.09.30"]
[SourceVersion "1"]
[SourceVersionDate "2021.09.30"]
[SourceQuality "1"]

1. d4 Nf6 2. Nf3 e6 3. c4 d5 4. g3 Be7 5. Bg2 0-0 6. 0-0 Nbd7 7. Qc2 c6 8. Nbd2 b6 9. e4 dxc4 10. Nxc4 Bb7 11. Rd1 c5 12. Ng5 h6 13. e5 Bxg2 14. exf6 Nxf6 15. Kxg2 hxg5 16. dxc5 Nd5 17. cxb6 axb6 18. Ne3 Ra5 19. Qb3 Qa8 20. Nxd5 Rd8 21. Be3 Raxd5 22. Rxd5 Rxd5 23. Kg1 b5 24. Rc1 Bf6 25. Rc5 Rxc5 26. Bxc5 Qc6 27. Be3 g4 28. Qb4 Qd5 29. b3 Qd1+ 30. Kg2 Qd5+ 31. Kf1 Qd3+ 32. Kg2 Qd5+ 33. Kf1 1/2-1/2

[Event "CZE-ch Betsys Online Blitz"]
[Site "Chess.com INT"]
[Date "2021.04.17"]
[Round "12"]
[White "Sykora, Marek1111"]
[Black "Szotkowski, Jakub"]
[Result "1-0"]
[WhiteElo "2213"]
[BlackElo "2366"]
[PlyCount "71"]
[EventDate "2021.04.17"]
[EventType "swiss (blitz)"]
[EventRounds "13"]
[EventCountry "CZE"]
[SourceTitle "CBM 201 Extra"]
[Source "ChessBase"]
[SourceDate "2021.05.31"]
[SourceVersion "1"]
[SourceVersionDate "2021.05.31"]
[SourceQuality "1"]

1. e4 c6 2. d4 d5 3. exd5 cxd5 4. Bd3 Nc6 5. c3 Qc7 6. Nf3 Bg4 7. 0-0 Nf6 8. h3 Bxf3 9. Qxf3 e6 10. Bf4 Bd6 11. Bxd6 Qxd6 12. Nd2 0-0 13. Qe3 Rab8 14. Nf3 b5 15. Ne5 Nd7 16. f4 b4 17. Nxc6 Qxc6 18. f5 exf5 19. Bxf5 g6 20. Bc2 bxc3 21. bxc3 Rbe8 22. Qf3 Nb6 23. Bb3 a5 24. Rae1 Rxe1 25. Rxe1 a4 26. Bc2 a3 27. Re5 f6 28. Re7 Nc4 29. Bb3 Qd6 30. Ra7 Rd8 31. Bxc4 dxc4 32. Qb7 Rd7 33. Qxd7 Qxd7 34. Rxd7 Kf8 35. Rc7 Ke8 36. Rxc4 1-0

[Event "Pardubice Czech op-E 31st"]
[Site "Pardubice"]
[Date "2020.09.17"]
[Round "1.2"]
[White "Szotkowski, Jakub"]
[Black "Gaj, Milos"]
[Result "1-0"]
[WhiteElo "2362"]
[BlackElo "1951"]
[PlyCount "81"]
[EventDate "2020.09.17"]
[EventType "team-swiss"]
[EventRounds "7"]
[EventCountry "CZE"]
[SourceTitle "CBM 198 Extra"]
[Source "ChessBase"]
[SourceDate "2020.11.30"]
[SourceVersion "1"]
[SourceVersionDate "2020.11.30"]
[SourceQuality "1"]
[WhiteTeam "Vlasim Anytrade"]
[BlackTeam "Unichess Holdem"]
[WhiteTeamCountry "CZE"]
[BlackTeamCountry "CZE"]

1. d4 Nf6 2. c4 g6 3. Nc3 d5 4. cxd5 Nxd5 5. e4 Nxc3 6. bxc3 c5 7. Be3 Bg7 8. Qd2 Nc6 9. d5 Qa5 10. Rc1 Ne5 11. c4 Qxd2+ 12. Bxd2 f5 13. f4 Nf7 14. e5 e6 15. Nf3 0-0 16. h4 h5 17. Ng5 Nxg5 18. hxg5 Bd7 19. Rh3 Rfc8 20. Rb3 b6 21. Be2 Rab8 22. Ra3 Rb7 23. Bf3 Bf8 24. dxe6 Bc6 25. Bd5 Be7 26. Ke2 Kf8 27. Ra6 Rbc7 28. Be3 Bb7 29. Ra3 b5 30. Bxb7 Rxb7 31. cxb5 Rxb5 32. Rxa7 Rb2+ 33. Kf3 c4 34. Rd1 c3 35. Rdd7 Re8 36. Rxe7 Rxe7 37. Bc5 c2 38. Bxe7+ Ke8 39. Ba3 Rb8 40. Rh7 c1Q 41. Rh8# 1-0